An introducfion to the Malaysian Legal System
| Main Author: | |
|---|---|
| Format: | Book |
| Published: |
Petaling Jaya :
Heinemann Sdn.Bhd ,
1986
|
| Edition: | Rer.3rd.edition |
| Subjects: |
MARC
| LEADER | 00000cam a2200000 7i4500 | ||
|---|---|---|---|
| 001 | 0000005907 | ||
| 002 | 000006382 | ||
| 005 | 20071217.0 | ||
| 020 | |a 967925125X | ||
| 090 | 0 | 0 | |a 340.5095951 |b WUM |
| 100 | 0 | |a Wu Min Aun | |
| 245 | 1 | 0 | |a An introducfion to the Malaysian Legal System |c Wu Min Aun |
| 250 | |a Rer.3rd.edition | ||
| 260 | |a Petaling Jaya : |b Heinemann Sdn.Bhd , |c 1986 | ||
| 300 | |a 196p. ; |c 22cm. | ||
| 650 | 0 | 0 | |a Law |z Malaysia |x Cases |
| 999 | |a 0008529 |b BUKU |c MALAYSIANA |e PERPUSTAKAAN KOMUNITI PETALING JAYA | ||
| 999 | |a 034000 |b BUKU |c PINJAMAN |e PERPUSTAKAAN KOMUNITI PETALING JAYA | ||